=LDR 00000nam 2200000 4500 =001 INLIS000000000036073 =005 20130612141858 =008 ***********************************Ind** =035 ##$$0010-061300000036073 =041 ##$$a Ind =082 ##$$a 028.5 =090 ##$$a 028.5, Ven m =100 ##$$a Venesia, Diliviva =245 ##$$a My lovely nonny, Di Liviva Venesia ; penyunting, Dadan Ramadhani, Beby Haryanti =260 ##$$a 2011 $b Bandung =300 ##$$a 116 hlm, ilus, 21 cm =650 ##$$a Bacaan anak-anak dan remaja =700 ##$$a Ramadhani, Dadan =850 ##$$a NBPNMAT